Komparácia výdavkov rozpočtov miest SR diplomová práca

Na minha lista:
Detalhes bibliográficos
Autor principal: Masárová, Lucia
Autor Corporativo: Národohospodárska fakulta EU. Katedra verejnej správy a regionálneho rozvoja
Outros Autores: Žárska, Elena, 1955-
Formato: Livro
Idioma:eslovaco
Publicado em: Bratislava 2018
Tags: Adicionar Tag
Sem tags, seja o primeiro a adicionar uma tag!

MARC

LEADER 00000nbm a2200000 4500
001 0244217
005 20181126104158.5
041 0 |a slo 
044 |a SK 
245 1 0 |a Komparácia výdavkov rozpočtov miest SR  |b diplomová práca  |c Lucia Masárová ; školiteľ: Elena Žárska 
264 1 |a Bratislava  |c 2018 
300 |a 83 s. 
100 1 |a Masárová, Lucia 
700 1 |a Žárska, Elena, 1955- 
710 2 |a Národohospodárska fakulta EU. Katedra verejnej správy a regionálneho rozvoja